[Event "Porto Sant Elpidio op-A 16th"]
[Site "Porto Sant Elpidio"]
[Date "2013.11.24"]
[Round "6"]
[White "Balzano, Filli"]
[Black "Iori, Massimiliano"]
[Result "0-1"]
[WhiteElo "1944"]
[BlackElo "1984"]
[PlyCount "40"]
[EventDate "2013.11.16"]
[EventType "swiss"]
[EventRounds "6"]
[EventCountry "ITA"]
[SourceTitle "EXT 2015"]
[Source "ChessBase"]
[SourceDate "2014.11.20"]
[SourceVersion "1"]
[SourceVersionDate "2014.11.20"]
[SourceQuality "1"]

1. e4 e5 2. Nf3 Nf6 3. Nxe5 d6 4. Nf3 Nxe4 5. d4 d5 6. Bd3 Bd6 7. 0-0 0-0 8. c4 c6 9. Nc3 Nxc3 10. bxc3 Bg4 11. Bxh7+ Kxh7 12. Ng5+ Qxg5 13. Bxg5 Bxd1 14. Rfxd1 dxc4 15. d5 c5 16. Rab1 b6 17. Re1 Nd7 18. Be7 Bxe7 19. Rxe7 Rad8 20. Rd1 Kg8 0-1

[Event "Porto Sant Elpidio op-A 16th"]
[Site "Porto Sant Elpidio"]
[Date "2013.11.24"]
[Round "5"]
[White "Guglielmi, Dante"]
[Black "Balzano, Filli"]
[Result "0-1"]
[WhiteElo "1910"]
[BlackElo "1944"]
[PlyCount "120"]
[EventDate "2013.11.16"]
[EventType "swiss"]
[EventRounds "6"]
[EventCountry "ITA"]
[SourceTitle "EXT 2015"]
[Source "ChessBase"]
[SourceDate "2014.11.20"]
[SourceVersion "1"]
[SourceVersionDate "2014.11.20"]
[SourceQuality "1"]

1. c4 Nf6 2. Nc3 e6 3. Nf3 b6 4. g3 Bb7 5. Bg2 Be7 6. 0-0 0-0 7. d4 d5 8. Ne5 Nbd7 9. Nxd7 Qxd7 10. Bf4 c6 11. cxd5 cxd5 12. Rc1 Rac8 13. Qd3 Rfd8 14. Rc2 Ne8 15. Rfc1 Nd6 16. Bxd6 Bxd6 17. Qb5 Qxb5 18. Nxb5 Bb8 19. Rxc8 Rxc8 20. Rxc8+ Bxc8 21. e4 dxe4 22. Bxe4 Kf8 23. f4 a6 24. Nc3 b5 25. Kf2 h6 26. Bc6 Ke7 27. Ne4 f5 28. Nc5 Kd6 29. Bf3 b4 30. Ke3 Ba7 31. Nd3 Bd7 32. Nxb4 Bb5 33. b3 a5 34. Nc2 Bb6 35. Na3 Ba6 36. Be2 Bxe2 37. Kxe2 Bxd4 38. Nc4+ Kd5 39. Nxa5 e5 40. fxe5 Bxe5 41. Nc4 Bc7 42. Kd3 f4 43. gxf4 Bxf4 44. h3 Kc5 45. a3 g5 46. Ke4 Bc1 47. Kd3 h5 48. Kc3 g4 49. hxg4 hxg4 50. a4 g3 51. Ne5 Kd5 52. Nf3 Ke4 53. Ng1 Ke3 54. Kc2 Bd2 55. Kd1 Bb4 56. Nh3 Kf3 57. Ng5+ Kg4 58. Ke2 Kxg5 59. Kf3 Kh4 60. Kg2 Kg4 0-1

[Event "ITA-ch (Women)"]
[Site "Porto San Giorgio"]
[Date "2013.08.23"]
[Round "3"]
[White "Balzano, Filli"]
[Black "De Rosa, Mariagrazia"]
[Result "0-1"]
[WhiteElo "1942"]
[BlackElo "2061"]
[PlyCount "138"]
[EventDate "2013.08.21"]
[EventType "swiss"]
[EventRounds "9"]
[EventCountry "ITA"]
[SourceTitle "EXT 2015"]
[Source "ChessBase"]
[SourceDate "2014.11.20"]
[SourceVersion "1"]
[SourceVersionDate "2014.11.20"]
[SourceQuality "1"]

1. e4 c5 2. Nc3 a6 3. f4 e6 4. Nf3 d5 5. exd5 exd5 6. d3 Nc6 7. Be2 Nf6 8. 0-0 Bd6 9. a3 0-0 10. Qe1 Re8 11. Qd1 Qe7 12. Re1 Nd4 13. Bd2 Qc7 14. Ne5 Bxe5 15. fxe5 Qxe5 16. Bf3 Nxf3+ 17. Qxf3 Qd4+ 18. Be3 Rxe3 19. Qxe3 Qxe3+ 20. Rxe3 d4 21. Re5 dxc3 22. bxc3 c4 23. a4 Bd7 24. a5 Rc8 25. d4 Bc6 26. Rc5 Re8 27. Re5 Rxe5 28. dxe5 Nd5 29. Rd1 Kf8 30. Rd4 Ke7 31. Kf2 Ke6 32. Rxc4 Kxe5 33. Rg4 g6 34. c4 Nb4 35. c3 Nd3+ 36. Ke3 Nc5 37. Rf4 f5 38. Rf2 Be4 39. g3 g5 40. h4 h6 41. hxg5 hxg5 42. Rh2 f4+ 43. gxf4+ gxf4+ 44. Kf2 Nb3 45. Rh8 Nxa5 46. Re8+ Kf5 47. Rf8+ Kg5 48. Rg8+ Bg6 49. Rb8 Bf7 50. c5 Bd5 51. Rd8 Bc6 52. Rd1 Nb3 53. Re1 Kf5 54. Re7 Nxc5 55. Ke2 f3+ 56. Kf2 Ne4+ 57. Kxf3 Nxc3+ 58. Kf2 a5 59. Ke1 Nd5 60. Re2 Nc3 61. Rc2 Ne4 62. Ke2 Ke5 63. Kd3 Kd5 64. Rc1 a4 65. Ra1 b5 66. Rb1 a3 67. Kc2 Kc4 68. Rb3 b4 69. Rb1 Ba4+ 0-1

[Event "Mogliano Veneto op-A 34th"]
[Site "Mogliano Veneto"]
[Date "2013.04.28"]
[Round "6"]
[White "Balzano, Filli"]
[Black "Santolini, Luigi"]
[Result "1/2-1/2"]
[WhiteElo "1944"]
[BlackElo "2142"]
[PlyCount "28"]
[EventDate "2013.04.25"]
[EventType "swiss"]
[EventRounds "6"]
[EventCountry "ITA"]
[SourceTitle "EXT 2015"]
[Source "ChessBase"]
[SourceDate "2014.11.20"]
[SourceVersion "1"]
[SourceVersionDate "2014.11.20"]
[SourceQuality "1"]

1. e4 c5 2. c3 Nf6 3. e5 Nd5 4. Nf3 Nc6 5. d4 cxd4 6. cxd4 e6 7. Bc4 d6 8. 0-0 Be7 9. Qe2 0-0 10. Bd2 b6 11. Nc3 Nxc3 12. Bxc3 Bb7 13. Bd3 dxe5 14. dxe5 Qc7 1/2-1/2

[Event "Mogliano Veneto op-A 34th"]
[Site "Mogliano Veneto"]
[Date "2013.04.26"]
[Round "3"]
[White "Zamengo, Fulvio"]
[Black "Balzano, Filli"]
[Result "1-0"]
[WhiteElo "2099"]
[BlackElo "1944"]
[PlyCount "101"]
[EventDate "2013.04.25"]
[EventType "swiss"]
[EventRounds "6"]
[EventCountry "ITA"]
[SourceTitle "EXT 2015"]
[Source "ChessBase"]
[SourceDate "2014.11.20"]
[SourceVersion "1"]
[SourceVersionDate "2014.11.20"]
[SourceQuality "1"]

1. e4 c6 2. d4 d5 3. Nc3 dxe4 4. Nxe4 Bf5 5. Ng3 Bg6 6. Bc4 e6 7. N1e2 Bd6 8. 0-0 Ne7 9. Nf4 Qc7 10. Qf3 Nd5 11. Nfh5 0-0 12. Qe2 Nf4 13. Nxf4 Bxf4 14. c3 Bxc1 15. Raxc1 Nd7 16. f4 Nf6 17. Bb3 Rfe8 18. Qf2 Ne4 19. Nxe4 Bxe4 20. Rcd1 Rad8 21. Rfe1 Bg6 22. g4 h6 23. Re5 Qd7 24. Rde1 h5 25. h3 b6 26. Qe3 Kf8 27. Qf3 Bh7 28. Rxh5 Bg8 29. Rhe5 f6 30. R5e3 Re7 31. Qe2 Rde8 32. Bc2 Bf7 33. Qf2 g6 34. Qh4 Kg7 35. Kf2 Rh8 36. Qg3 Qd6 37. f5 e5 38. fxg6 Bc4 39. g5 fxg5 40. Rxe5 Rf8+ 41. Kg1 Rxe5 42. Qxe5+ Qxe5 43. Rxe5 Rf1+ 44. Kg2 Rc1 45. Be4 Rd1 46. Re7+ Kf8 47. Rxa7 Rd2+ 48. Kg3 Rxb2 49. g7+ Kg8 50. Kg4 Bxa2 51. Kh5 1-0

[Event "Mogliano Veneto op-A 34th"]
[Site "Mogliano Veneto"]
[Date "2013.04.25"]
[Round "1"]
[White "Balzano, Filli"]
[Black "Vianello, Enrico"]
[Result "1/2-1/2"]
[WhiteElo "1944"]
[BlackElo "2146"]
[PlyCount "127"]
[EventDate "2013.04.25"]
[EventType "swiss"]
[EventRounds "6"]
[EventCountry "ITA"]
[SourceTitle "EXT 2015"]
[Source "ChessBase"]
[SourceDate "2014.11.20"]
[SourceVersion "1"]
[SourceVersionDate "2014.11.20"]
[SourceQuality "1"]

1. e4 c5 2. c3 d5 3. exd5 Qxd5 4. d4 Nc6 5. Nf3 Bg4 6. Be2 e6 7. h3 Bh5 8. 0-0 Nf6 9. Be3 cxd4 10. cxd4 Be7 11. Nc3 Qd7 12. Qb3 0-0 13. Rfd1 Na5 14. Qa4 Qxa4 15. Nxa4 Nd5 16. Rac1 Rac8 17. Nc3 Nxc3 18. Rxc3 Rxc3 19. bxc3 b6 20. g4 Bg6 21. d5 exd5 22. Rxd5 Rd8 23. Rxd8+ Bxd8 24. Nd4 Bc7 25. Bb5 Be4 26. f3 Bd5 27. a4 Nc4 28. Kf2 Nxe3 29. Kxe3 Bd6 30. c4 Bb7 31. Bc6 Bc8 32. Ke4 Kf8 33. f4 g6 34. Bd5 Bc5 35. Nb3 Bb4 36. Nd4 Bc5 37. Nb3 Bb4 38. Nd4 a6 39. f5 Bc3 40. Ne2 Bb4 41. Nd4 Bc5 42. Nb3 gxf5+ 43. gxf5 Bb4 44. Nd4 Kg7 45. Nc6 Bc5 46. Ne5 Kf6 47. Ng4+ Kg5 48. Bxf7 Bxf5+ 49. Kd5 Bxg4 50. hxg4 Kxg4 51. a5 Bf2 52. axb6 Bxb6 53. c5 Bd8 54. Kc4 h5 55. Kd3 h4 56. Ke2 Kf4 57. Kf2 Ke4 58. c6 Kd4 59. Kg2 Kc5 60. Be8 Kd6 61. Kh3 Kc7 62. Bd7 a5 63. Be6 Kxc6 64. Bf7 1/2-1/2

[Event "Mogliano Veneto op-A 34th"]
[Site "Mogliano Veneto"]
[Date "2013.04.25"]
[Round "2"]
[White "Coratella, Giuseppe"]
[Black "Balzano, Filli"]
[Result "1/2-1/2"]
[WhiteElo "2230"]
[BlackElo "1944"]
[PlyCount "33"]
[EventDate "2013.04.25"]
[EventType "swiss"]
[EventRounds "6"]
[EventCountry "ITA"]
[SourceTitle "EXT 2015"]
[Source "ChessBase"]
[SourceDate "2014.11.20"]
[SourceVersion "1"]
[SourceVersionDate "2014.11.20"]
[SourceQuality "1"]

1. e4 c6 2. Nc3 d5 3. Nf3 dxe4 4. Nxe4 Bg4 5. Bc4 e6 6. h3 Bh5 7. g4 Bg6 8. Ng3 Nf6 9. d3 Bd6 10. Qe2 Qc7 11. Ne4 Nxe4 12. dxe4 Nd7 13. Bd2 0-0-0 14. Bc3 Ne5 15. 0-0-0 Nxf3 16. Qxf3 Be5 17. Bxe5 1/2-1/2

[Event "Porto San Giorgio Weekend 15th"]
[Site "Porto San Giorgio"]
[Date "2012.11.17"]
[Round "1"]
[White "Balzano, Filli"]
[Black "Rinaudo, Andrea"]
[Result "1-0"]
[WhiteElo "1903"]
[BlackElo "2095"]
[PlyCount "91"]
[EventDate "2012.11.17"]
[EventType "swiss"]
[EventRounds "6"]
[EventCountry "ITA"]
[SourceTitle "EXT 2014"]
[Source "ChessBase"]
[SourceDate "2013.11.20"]
[SourceVersion "1"]
[SourceVersionDate "2013.11.20"]
[SourceQuality "1"]

1. e4 c5 2. c3 d5 3. exd5 Qxd5 4. d4 Nc6 5. Nf3 Bg4 6. Be2 e6 7. h3 Bh5 8. 0-0 cxd4 9. cxd4 Nf6 10. Nc3 Qa5 11. Be3 Be7 12. Qb3 Qb4 13. Qxb4 Bxb4 14. g4 Bg6 15. Ne5 0-0 16. Nxc6 bxc6 17. Na4 Nd5 18. a3 Nxe3 19. fxe3 Bd2 20. Kf2 Bc2 21. Bd1 Bg6 22. b4 Bd3 23. Be2 Bb5 24. Nc5 a5 25. Bxb5 cxb5 26. Ne4 axb4 27. Nxd2 bxa3 28. Rfb1 Rfb8 29. Rb4 h6 30. Ke2 Kf8 31. Ra2 Ke7 32. Nb1 Kd6 33. Rxa3 Rxa3 34. Nxa3 Kc6 35. Kd3 Rb7 36. Rb3 f6 37. Nc2 Ra7 38. Ra3 Rc7 39. Rc3+ Kd6 40. Rxc7 Kxc7 41. Kc3 f5 42. Kb4 Kd6 43. e4 fxe4 44. Ne3 e5 45. d5 g6 46. Kxb5 1-0

[Event "EU-ch U18 Girls"]
[Site "Prague"]
[Date "2012.08.25"]
[Round "9"]
[White "Balzano, Filli"]
[Black "Corotcova, Anastasia"]
[Result "1-0"]
[WhiteElo "1916"]
[BlackElo "1655"]
[PlyCount "89"]
[EventDate "2012.08.17"]
[EventType "swiss"]
[EventRounds "9"]
[EventCountry "CZE"]
[SourceTitle "CBM 150 Extra"]
[Source "ChessBase"]
[SourceDate "2012.10.19"]
[SourceVersion "1"]
[SourceVersionDate "2012.10.19"]
[SourceQuality "1"]

1. e4 c5 2. c3 d5 3. exd5 Qxd5 4. d4 Nf6 5. Nf3 Bg4 6. Be2 e6 7. h3 Bh5 8. 0-0 Nc6 9. Be3 cxd4 10. cxd4 Be7 11. Nc3 Qd6 12. Qb3 0-0 13. Rfd1 Nb4 14. Rac1 a6 15. g4 Bg6 16. Ne5 b5 17. Bf3 Rac8 18. Bf4 Nbd5 19. Nxd5 Nxd5 20. Bg3 Qb4 21. Bxd5 exd5 22. Nc6 Rxc6 23. Rxc6 Qxb3 24. axb3 Re8 25. Rdc1 a5 26. Rc8 Kf8 27. R1c6 Be4 28. Rxe8+ Kxe8 29. Bf4 a4 30. bxa4 bxa4 31. Ra6 Bc2 32. Bd6 Bxd6 33. Rxd6 Bb3 34. Kg2 Ke7 35. Ra6 f6 36. Ra7+ Kf8 37. Kf3 h6 38. Kf4 Kg8 39. h4 h5 40. g5 fxg5+ 41. Kxg5 Bd1 42. Kg6 Bc2+ 43. Kxh5 Kf8 44. Kg5 Kg8 45. h5 1-0

[Event "EU-ch U18 Girls"]
[Site "Prague"]
[Date "2012.08.24"]
[Round "8"]
[White "Perera Borrego, Mariela"]
[Black "Balzano, Filli"]
[Result "1-0"]
[WhiteElo "2066"]
[BlackElo "1916"]
[PlyCount "93"]
[EventDate "2012.08.17"]
[EventType "swiss"]
[EventRounds "9"]
[EventCountry "CZE"]
[SourceTitle "CBM 150 Extra"]
[Source "ChessBase"]
[SourceDate "2012.10.19"]
[SourceVersion "1"]
[SourceVersionDate "2012.10.19"]
[SourceQuality "1"]

1. d4 d5 2. Nf3 Nf6 3. c4 c6 4. Qc2 e6 5. Nbd2 dxc4 6. Nxc4 c5 7. dxc5 Bxc5 8. e3 Nbd7 9. Be2 0-0 10. 0-0 b5 11. Nce5 Qb6 12. Nxd7 Nxd7 13. Ng5 Nf6 14. Bf3 Rb8 15. b3 h6 16. Ne4 Be7 17. Bb2 Nxe4 18. Bxe4 Bb7 19. Bd4 Bxe4 20. Qxe4 Qb7 21. Qg4 g6 22. h4 Kh7 23. Rac1 Ba3 24. Rcd1 Rbc8 25. Qf4 Qe7 26. Qe5 Rg8 27. Qxb5 Qxh4 28. Bxa7 Rgd8 29. Qb7 Qe7 30. Qxe7 Bxe7 31. Bb6 Rxd1 32. Rxd1 Bf6 33. Rd2 Rc1+ 34. Kh2 Bc3 35. Re2 Rb1 36. Rc2 Be5+ 37. g3 Bd6 38. Kg2 h5 39. Rd2 Bb4 40. Rd7 Rb2 41. Rxf7+ Kg8 42. Rg7+ Kf8 43. Rxg6 Rxa2 44. Rxe6 Rb2 45. Re4 Be1 46. Kf1 Bc3 47. b4 1-0

[Event "EU-ch U18 Girls"]
[Site "Prague"]
[Date "2012.08.23"]
[Round "7"]
[White "Balzano, Filli"]
[Black "Bass, Leenoy"]
[Result "1-0"]
[WhiteElo "1916"]
[BlackElo "1614"]
[PlyCount "55"]
[EventDate "2012.08.17"]
[EventType "swiss"]
[EventRounds "9"]
[EventCountry "CZE"]
[SourceTitle "CBM 150 Extra"]
[Source "ChessBase"]
[SourceDate "2012.10.19"]
[SourceVersion "1"]
[SourceVersionDate "2012.10.19"]
[SourceQuality "1"]

1. e4 e5 2. Nf3 Nc6 3. Bc4 Bc5 4. c3 Qf6 5. d3 h6 6. Nbd2 Nge7 7. 0-0 d6 8. Re1 a6 9. Bb3 0-0 10. h3 Ng6 11. Nf1 Nf4 12. Be3 Ba7 13. Ng3 Bxe3 14. fxe3 Ng6 15. Rf1 Nh4 16. Qe2 Be6 17. Nxh4 Qxh4 18. Nf5 Qg5 19. Rf3 Qh5 20. Nxg7 Qg6 21. Nf5 Bxf5 22. Rxf5 Ne7 23. Rf3 Rad8 24. Qf2 Qg7 25. Rg3 Ng6 26. h4 h5 27. Qf5 Qh6 28. Rxg6+ 1-0

[Event "EU-ch U18 Girls"]
[Site "Prague"]
[Date "2012.08.22"]
[Round "6"]
[White "Galunova, Tsveta"]
[Black "Balzano, Filli"]
[Result "1-0"]
[WhiteElo "2091"]
[BlackElo "1916"]
[PlyCount "85"]
[EventDate "2012.08.17"]
[EventType "swiss"]
[EventRounds "9"]
[EventCountry "CZE"]
[SourceTitle "CBM 150 Extra"]
[Source "ChessBase"]
[SourceDate "2012.10.19"]
[SourceVersion "1"]
[SourceVersionDate "2012.10.19"]
[SourceQuality "1"]

1. e4 c6 2. d4 d5 3. exd5 cxd5 4. c4 Nf6 5. Nc3 e6 6. Nf3 Bb4 7. Bd3 dxc4 8. Bxc4 0-0 9. 0-0 b6 10. Qd3 Bb7 11. a3 Bxc3 12. bxc3 Nbd7 13. Re1 Rc8 14. Bd2 Bxf3 15. gxf3 Qc7 16. Ba2 Rfe8 17. f4 Nf8 18. f5 Ng4 19. f4 Qd6 20. Re2 Nf6 21. Rg2 exf5 22. Qxf5 Ng6 23. Qg5 Ne4 24. Qf5 Nf6 25. Qg5 Ne4 26. Qf5 Qc7 27. Re2 Nxd2 28. Rxd2 Qxf4 29. Bxf7+ Kh8 30. Qxf4 Nxf4 31. Bxe8 Rxe8 32. Rf1 Nd5 33. Re2 Rc8 34. Rfe1 Nf6 35. Re7 h6 36. Rxa7 Rxc3 37. Ree7 Nh5 38. d5 Rd3 39. Red7 Rd2 40. d6 Nf4 41. Rxg7 Nh3+ 42. Kf1 Rxd6 43. Rge7 1-0

[Event "EU-ch U18 Girls"]
[Site "Prague"]
[Date "2012.08.20"]
[Round "4"]
[White "Foisor, Mihaela Veronica"]
[Black "Balzano, Filli"]
[Result "1-0"]
[WhiteElo "2220"]
[BlackElo "1916"]
[PlyCount "99"]
[EventDate "2012.08.17"]
[EventType "swiss"]
[EventRounds "9"]
[EventCountry "CZE"]
[SourceTitle "CBM 150 Extra"]
[Source "ChessBase"]
[SourceDate "2012.10.19"]
[SourceVersion "1"]
[SourceVersionDate "2012.10.19"]
[SourceQuality "1"]

1. d4 d5 2. c4 c6 3. e3 Nf6 4. Nc3 e6 5. Nf3 Nbd7 6. Qc2 b6 7. Be2 Bb7 8. 0-0 Bd6 9. Rd1 Qc7 10. e4 dxe4 11. Nxe4 Nxe4 12. Qxe4 Nf6 13. Qh4 c5 14. b3 0-0 15. Bb2 Be7 16. Qg3 Qxg3 17. hxg3 Rfd8 18. a3 a5 19. Ne1 cxd4 20. Bxd4 Bc5 21. Bxc5 bxc5 22. Nd3 Nd7 23. f3 Kf8 24. Kf2 Ke7 25. g4 h6 26. Rab1 Ba6 27. Rb2 Rac8 28. Rbd2 Rb8 29. a4 Rbc8 30. Nc1 Ne5 31. Nd3 Nd7 32. f4 Nf6 33. Bf3 Rd4 34. Ke3 Rcd8 35. Ne5 Rxd2 36. Rxd2 g5 37. g3 gxf4+ 38. gxf4 Rg8 39. Nc6+ Kf8 40. Rd8+ Kg7 41. Rxg8+ Nxg8 42. Nxa5 Nf6 43. Bb7 Bxb7 44. Nxb7 Nd7 45. a5 Kf8 46. a6 Ke7 47. Nxc5 Nb6 48. Na4 Na8 49. c5 Kd8 50. Nb6 1-0

[Event "EU-ch U18 Girls"]
[Site "Prague"]
[Date "2012.08.17"]
[Round "1"]
[White "Balzano, Filli"]
[Black "Aranaz Murillo, Amalia"]
[Result "0-1"]
[WhiteElo "1916"]
[BlackElo "2237"]
[PlyCount "158"]
[EventDate "2012.08.17"]
[EventType "swiss"]
[EventRounds "9"]
[EventCountry "CZE"]
[SourceTitle "CBM 150 Extra"]
[Source "ChessBase"]
[SourceDate "2012.10.19"]
[SourceVersion "1"]
[SourceVersionDate "2012.10.19"]
[SourceQuality "1"]

1. e4 e6 2. d4 d5 3. e5 c5 4. c3 Qb6 5. Nf3 Nc6 6. a3 Nh6 7. b4 cxd4 8. Bxh6 gxh6 9. cxd4 Bd7 10. Ra2 Rc8 11. Rc2 Be7 12. Be2 a5 13. b5 Na7 14. Rxc8+ Nxc8 15. Qc2 0-0 16. Qb2 f6 17. 0-0 fxe5 18. Nxe5 Be8 19. Nd2 Nd6 20. a4 Bf6 21. Ndf3 Bg7 22. Rc1 Ne4 23. Rf1 Ng5 24. Qd2 Nf7 25. Nxf7 Rxf7 26. Rd1 Rc7 27. Ne5 Bxe5 28. dxe5 Bg6 29. Rc1 Kg7 30. h3 Rc5 31. Qf4 Qc7 32. Rxc5 Qxc5 33. Qf6+ Kg8 34. Qxe6+ Bf7 35. Qg4+ Bg6 36. Qe6+ Bf7 37. Qxh6 Qc3 38. Qg5+ Kf8 39. Qd8+ Kg7 40. Qg5+ Kf8 41. Qd8+ Kg7 42. Qf6+ Kg8 43. Bg4 h5 44. Be6 Bxe6 45. Qxe6+ Kg7 46. Qf6+ Kg8 47. Qg5+ Kf8 48. Qf5+ Ke7 49. Qg5+ Ke8 50. Qxh5+ Ke7 51. Qh4+ Ke8 52. Qh5+ Ke7 53. Qg5+ Ke8 54. Qg6+ Ke7 55. Qf6+ Ke8 56. Qf4 d4 57. e6 Ke7 58. Qf7+ Kd6 59. Qf6 Qe1+ 60. Kh2 d3 61. Qd4+ Kxe6 62. Qxd3 Qxf2 63. Qb3+ Ke7 64. Qf3 Qb6 65. Qe4+ Kd7 66. Qh7+ Kd8 67. Qg8+ Kd7 68. Qf7+ Kd8 69. h4 Qd4 70. Qf8+ Kd7 71. Qf5+ Kd6 72. Qg6+ Kd7 73. Kh3 Qxa4 74. Qf5+ Ke7 75. h5 Qb3+ 76. g3 Qe6 77. g4 Qxf5 78. gxf5 a4 79. h6 Kf6 0-1

[Event "Porto Sant Elpidio op 14th"]
[Site "Porto Sant Elpidio"]
[Date "2011.11.19"]
[Round "1"]
[White "Balzano, Filli"]
[Black "Sagripanti, Michele"]
[Result "1-0"]
[WhiteElo "1840"]
[BlackElo "1987"]
[PlyCount "153"]
[EventDate "2011.11.19"]
[EventType "swiss"]
[EventRounds "6"]
[EventCountry "ITA"]
[SourceTitle "EXT 2023"]
[Source "ChessBase"]
[SourceDate "2022.10.05"]
[SourceVersion "1"]
[SourceVersionDate "2022.10.05"]
[SourceQuality "1"]

1. e4 g6 2. d4 Bg7 3. Nf3 c5 4. c3 cxd4 5. cxd4 Nc6 6. Nc3 d6 7. h3 Nf6 8. Bb5 0-0 9. 0-0 Qb6 10. Re1 a6 11. Ba4 Nd7 12. Nd5 Qd8 13. Bg5 b5 14. Rc1 h6 15. Rxc6 hxg5 16. Bb3 Bb7 17. Rc2 e6 18. Nc3 Rc8 19. Qd2 b4 20. Nb1 Qb6 21. Rxc8 Bxc8 22. Rd1 Qb5 23. Qxg5 Qxg5 24. Nxg5 Nb6 25. Nf3 a5 26. Rc1 Bb7 27. Nbd2 Rc8 28. Rxc8+ Nxc8 29. Kf1 Nb6 30. Bc2 Ba6+ 31. Ke1 Bb5 32. b3 d5 33. e5 Bh6 34. Kd1 Na8 35. Ne1 Bf8 36. Bd3 Bc6 37. Nef3 Nc7 38. Kc2 Bh6 39. g4 Bf8 40. Nh2 Bh6 41. Nhf3 Bf8 42. Nb1 Bh6 43. a4 Bf8 44. Nbd2 Bh6 45. g5 Bf8 46. Nh2 Be7 47. Ndf3 Bb7 48. Ng4 Bc6 49. Be2 Bd8 50. Nf6+ Kf8 51. Ne1 Ne8 52. Nxe8 Bxe8 53. h4 Bc6 54. Nd3 Be7 55. Nc5 Ke8 56. Ba6 Kd8 57. Be2 Kc7 58. Kd3 Kb6 59. h5 gxh5 60. Bxh5 Be8 61. Nxe6 Kc6 62. Ng7 Bd7 63. Bxf7 Bxg5 64. e6 Bc8 65. Nh5 Kd6 66. f4 Bh6 67. f5 Ba6+ 68. Kc2 Bb7 69. f6 Bg5 70. e7 Bc6 71. e8Q Bxe8 72. Bxe8 Bh6 73. f7 Ke6 74. Kd3 Kf5 75. Ng3+ Kf4 76. Ne2+ Kf3 77. Bc6 1-0

[Event "Porto San Giorgio op 23rd"]
[Site "Porto San Giorgio"]
[Date "2011.08.28"]
[Round "9"]
[White "Moroni, Luca Jr"]
[Black "Balzano, Filli"]
[Result "1/2-1/2"]
[WhiteElo "1964"]
[BlackElo "1822"]
[PlyCount "139"]
[EventDate "2011.08.21"]
[EventType "swiss"]
[EventRounds "9"]
[EventCountry "ITA"]
[SourceTitle "CBM 144 Extra"]
[Source "ChessBase"]
[SourceDate "2011.10.28"]
[SourceVersion "1"]
[SourceVersionDate "2011.10.28"]
[SourceQuality "1"]

1. e4 c6 2. d4 d5 3. exd5 cxd5 4. Bd3 Nc6 5. c3 Nf6 6. Bf4 Bg4 7. Ne2 e6 8. f3 Bh5 9. Qd2 Bd6 10. 0-0 Bg6 11. Bxd6 Qxd6 12. Nf4 0-0 13. Na3 a6 14. Rae1 b5 15. Nc2 Na5 16. Bxg6 hxg6 17. Nd3 Nc4 18. Qf2 Nd7 19. Ne3 Rfc8 20. f4 f6 21. g3 Kf7 22. Re2 Qb6 23. Qf3 Qd6 24. Nxc4 bxc4 25. Ne5+ Nxe5 26. fxe5 Qd8 27. exf6 gxf6 28. Rfe1 Rc6 29. Qf4 Rb6 30. h4 Qb8 31. Qg4 f5 32. Qg5 Qd8 33. Qf4 Rab8 34. Qe5 Qd6 35. Qxd6 Rxd6 36. Rh2 Rh8 37. Ree2 Rb6 38. Kf1 Kg7 39. Ke1 a5 40. a3 a4 41. Kf1 Kf6 42. Kf2 Rb7 43. Kf3 Rbh7 44. Kf4 Rb7 45. Rd2 Rbh7 46. Rdf2 Rb7 47. g4 Rbh7 48. g5+ Ke7 49. Kg3 Kd6 50. Re2 Kd7 51. Rh3 Kd6 52. Reh2 Rh5 53. Kf4 R8h7 54. Kg3 Rh8 55. Re2 Rb8 56. Rh1 Rb7 57. Rhe1 Re7 58. Re5 Rh8 59. Rh1 Rh5 60. Rh2 Rb7 61. Rh1 Rbh7 62. Rhe1 Re7 63. R1e2 Rh8 64. Rf2 Rh5 65. Ree2 Reh7 66. Rh2 Rb7 67. Rd2 Re7 68. Rde2 Rb7 69. Kf4 Rbh7 70. Kg3 1/2-1/2

[Event "St Eufemia d'Aspromonte op 4th"]
[Site "St Eufemia d'Aspromonte"]
[Date "2011.01.05"]
[Round "8"]
[White "Pinton, Maurizio"]
[Black "Balzano, Filli"]
[Result "1/2-1/2"]
[WhiteElo "2029"]
[BlackElo "1803"]
[PlyCount "133"]
[EventDate "2011.01.02"]
[EventType "swiss"]
[EventRounds "9"]
[EventCountry "ITA"]
[SourceTitle "CBM 140 Extra"]
[Source "ChessBase"]
[SourceDate "2011.03.01"]
[SourceVersion "1"]
[SourceVersionDate "2011.03.01"]
[SourceQuality "1"]

1. f4 d5 2. b3 Nf6 3. Bb2 c6 4. e3 Bg4 5. Be2 Bxe2 6. Qxe2 Nbd7 7. Nf3 e6 8. 0-0 Be7 9. d3 0-0 10. Nbd2 Qc7 11. Ne5 Nxe5 12. fxe5 Nd7 13. d4 c5 14. Rac1 Rac8 15. c4 dxc4 16. bxc4 f5 17. Nf3 Nb6 18. Nd2 Rf7 19. Qf3 Qc6 20. Qg3 Rcf8 21. Nb3 Na4 22. Ba1 Qe4 23. Qf3 Qxf3 24. Rxf3 Rd8 25. Rd1 cxd4 26. exd4 Nb6 27. Rc1 Bg5 28. Rc2 Rc7 29. Rfc3 Rdc8 30. Nc5 Kf7 31. Ra3 a6 32. Rb3 Rc6 33. Nxb7 Nxc4 34. Rbc3 Be7 35. Kf2 Bb4 36. Nd8+ Rxd8 37. Rxc4 Rxc4 38. Rxc4 a5 39. Rc7+ Kg6 40. Rc6 Kf7 41. Ke3 Ke7 42. Kd3 Kd7 43. Ra6 Rc8 44. Ra7+ Rc7 45. Rxc7+ Kxc7 46. Bc3 Bxc3 47. Kxc3 Kc6 48. Kc4 g5 49. d5+ exd5+ 50. Kd4 h5 51. a4 f4 52. e6 Kd6 53. e7 Kxe7 54. Kxd5 Kf6 55. Ke4 Ke6 56. h4 gxh4 57. Kxf4 Kf6 58. g4 h3 59. g5+ Kg6 60. Kg3 Kxg5 61. Kxh3 Kf4 62. Kh4 Ke4 63. Kxh5 Kd4 64. Kg4 Kc4 65. Kf4 Kb4 66. Ke3 Kxa4 67. Kd2 1/2-1/2

[Event "St Eufemia d'Aspromonte op 4th"]
[Site "St Eufemia d'Aspromonte"]
[Date "2011.01.03"]
[Round "4"]
[White "Balzano, Filli"]
[Black "Pisacane, Pietro"]
[Result "1/2-1/2"]
[WhiteElo "1803"]
[BlackElo "1920"]
[PlyCount "112"]
[EventDate "2011.01.02"]
[EventType "swiss"]
[EventRounds "9"]
[EventCountry "ITA"]
[SourceTitle "CBM 140 Extra"]
[Source "ChessBase"]
[SourceDate "2011.03.01"]
[SourceVersion "1"]
[SourceVersionDate "2011.03.01"]
[SourceQuality "1"]

1. e4 e6 2. d4 d5 3. e5 c5 4. c3 Qb6 5. Nf3 Nc6 6. a3 Nh6 7. b4 cxd4 8. cxd4 Nf5 9. Bb2 Bd7 10. Be2 Be7 11. Qd2 h5 12. 0-0 f6 13. Rd1 fxe5 14. dxe5 h4 15. Bd3 g6 16. Nc3 Nd8 17. Nxd5 exd5 18. e6 Ba4 19. Bxh8 Bxd1 20. Rxd1 Nxe6 21. Bxf5 gxf5 22. Qxd5 Rd8 23. Qb3 Rxd1+ 24. Qxd1 h3 25. Be5 Qc6 26. gxh3 Qe4 27. Bg3 f4 28. Bh4 Bxh4 29. Nxh4 Nd4 30. f3 Qe3+ 31. Kf1 Nb3 32. Qe2 Nd2+ 33. Ke1 Qxe2+ 34. Kxe2 Nc4 35. a4 Nb6 36. Ng6 Nd5 37. Kd3 Kf7 38. Kd4 Nxb4 39. Nxf4 Nc2+ 40. Kc5 Ke7 41. Ng2 Na1 42. Kc4 Nc2 43. h4 Na3+ 44. Kd3 b5 45. Kc3 bxa4 46. Kb4 Nc2+ 47. Kxa4 Nd4 48. Ne1 Kf6 49. Kb4 Nf5 50. Ng2 Nd4 51. Ne1 Nf5 52. h5 Kg5 53. Ka5 Kxh5 54. Ka6 Nh4 55. Kxa7 Kg5 56. Kb6 Kf4 1/2-1/2

[Event "Porto San Giorgio Weekend-A 13th"]
[Site "Porto San Giorgio"]
[Date "2010.11.28"]
[Round "6"]
[White "Balzano, Filli"]
[Black "Sagripanti, Michele"]
[Result "0-1"]
[WhiteElo "1805"]
[BlackElo "1887"]
[PlyCount "62"]
[EventDate "2010.11.20"]
[EventType "swiss"]
[EventRounds "6"]
[EventCountry "ITA"]
[SourceTitle "EXT 2024"]
[Source "ChessBase"]
[SourceDate "2023.10.10"]
[SourceVersion "1"]
[SourceVersionDate "2023.10.10"]
[SourceQuality "1"]

1. e4 e6 2. d4 d5 3. e5 c5 4. c3 Nc6 5. Nf3 Qb6 6. a3 Bd7 7. b4 cxd4 8. cxd4 Nge7 9. Bb2 Nf5 10. Be2 Be7 11. g4 Nh4 12. Nxh4 Bxh4 13. 0-0 f6 14. Qd3 fxe5 15. Qh3 Nxd4 16. Bd1 g5 17. Qe3 Rf8 18. Qxe5 Nc6 19. Qe2 0-0-0 20. Nd2 Rf4 21. Nb3 Rdf8 22. Nc5 Rxf2 23. Rxf2 Rxf2 24. Qxf2 Bxf2+ 25. Kxf2 Qc7 26. Kg2 Qf4 27. Bc3 Qe3 28. Bg7 Nd4 29. Kf1 Bb5+ 30. Kg2 Be2 31. Bxe2 Qxe2+ 0-1